Słowa Inwokacji Pana Tadeusza - Statystyki

Ogólne statystyki
  • Ten quiz został rozwiązany 515 razy
    513 od ostatniego zresetowania
  • Średni wynik to 54 z 145
Statystyki odpowiedzi
Inwokacja % Poprawnych
Litwo!
99%
moja!
97%
Ojczyzno
97%
ty
96%
jak
95%
jesteś
95%
zdrowie.
93%
cenić,
86%
cię
86%
Ile
86%
trzeba
86%
ten
85%
cię
83%
dowie,
83%
Kto
83%
się
83%
stracił.
83%
tylko
82%
Dziś
70%
piękność
65%
w
65%
całej
63%
tęsknię
63%
twą
63%
bo
62%
i
62%
po
62%
tobie.
62%
opisuję,
61%
ozdobie
61%
widzę
61%
co
54%
Panno
54%
bronisz
53%
jasnej
53%
I
52%
Święta,
52%
Częstochowy
51%
Bramie!
49%
Ostrej
49%
świecisz
49%
w
49%
co
44%
Ty,
44%
gród
42%
z
42%
ludem!
41%
ochraniasz
41%
wiernym
41%
zamkowy
41%
jego
40%
Nowogródzki
39%
Jak
37%
mnie
36%
cudem
35%
do
35%
dziecko
35%
(Gdy
34%
powróciłaś
34%
zdrowia
34%
od
31%
martwą
30%
matki
30%
opiekę
30%
płaczącej
30%
pod
30%
podniosłem
30%
powiekę
30%
Twoją
30%
I
29%
Ofiarowany,
28%
do
26%
pieszo
26%
Twych
26%
zaraz
26%
Bogu),
25%
Iść
25%
mogłem
25%
podziękować
25%
progu
25%
świątyń
25%
wrócone
25%
za
25%
życie
25%
Do
23%
do
23%
duszę
23%
łąk
23%
łono.
23%
moją
23%
Ojczyzny
23%
Tak
23%
tych
23%
tych
23%
utęsknioną
23%
zielonych,
23%
błękitnym
22%
Do
22%
leśnych,
22%
na
22%
nas
22%
Niemnem
22%
pagórków
22%
powrócisz
22%
przenoś
22%
Szeroko
22%
cudem
21%
malowanych
21%
nad
21%
pól
21%
rozciągnionych;
21%
tych
21%
Tymczasem
21%
rozmaitem,
20%
zbożem
20%
posrebrzanych
18%
pszenicą,
18%
żytem;
18%
Wyzłacanych
17%
biała,
16%
Gdzie
16%
jak
16%
śnieg
16%
bursztynowy
15%
Gdzie
15%
gryka
15%
świerzop,
15%
dziecięlina
14%
pała,
14%
A
13%
panieńskim
13%
wszystko
13%
miedzą
12%
rumieńcem
12%
siedzą.
12%
z
12%
ciche
11%
grusze
11%
jakby
11%
na
11%
niej
11%
przepasane
11%
rzadka
11%
wstęgą,
11%
Zieloną,
10%
Nie znaleziono quizów pasujących do podanych kryteriów
Rozkład punktacji
Procent ludzi z każdym wynikiem
Percentyl według liczby udzielonych odpowiedzi
Twoja historia wyników
Nie rozwiązałeś tego quizu od ostatniego zresetowania